000 00444nmm a2200157Ia 4500
008 251105s9999||||xx |||||||||||||||||und||
020 _a9788498385410
041 _aspa
100 _aCamilleri, Andrea
245 0 _aLa sonrisa de Angelica
264 _a[Madrid, España] :
_bEdiciones Salamandra,
_c2013
300 _a224 páginas
650 _aThriller & Suspense
856 _uhttps://public.digitaliapublishing.com/a/48262
942 _cCF
999 _c91754
_d91754